Industrial development and environmental degradation : a source book on the origins of global pollution
Αποθηκεύτηκε σε:
| Κύριος συγγραφέας: | |
|---|---|
| Άλλοι συγγραφείς: | |
| Μορφή: | Βιβλίο |
| Γλώσσα: | English |
| Δημοσίευση: |
Cheltenham :
Edward Elgar,
1998
|
| Θέματα: | |
| Ετικέτες: |
Προσθήκη ετικέτας
Δεν υπάρχουν, Καταχωρήστε ετικέτα πρώτοι!
|
MARC
| LEADER | 00000nam a2200000 i 4500 | ||
|---|---|---|---|
| 001 | 1/97528 | ||
| 008 | 991222s1998 eng d | ||
| 020 | |a 1-85898-883-7 | ||
| 035 | |l 10056168 | ||
| 040 | |a GR-MY-UA |b gre |e aacr | ||
| 041 | 0 | |a eng | |
| 082 | 0 | |a 363.731 | |
| 100 | 1 | |a Park, Se Hark |d 1935- | |
| 245 | 1 | 0 | |a Industrial development and environmental degradation : |b a source book on the origins of global pollution / |c Se Hark Park; Walter C. Labys |
| 260 | |a Cheltenham : |b Edward Elgar, |c 1998 | ||
| 300 | |a 187 p. | ||
| 504 | |a Includes bibliographical reference and index | ||
| 650 | 0 | 0 | |a Industrialization |x Environmental aspects. |
| 650 | 0 | 0 | |a Pollution. |
| 650 | 0 | 0 | |a Industries |x Environmental aspects. |
| 700 | 1 | |a Labys, Walter C. |d 1937- | |
| 852 | |a INST |b LESVOS |e 19991222 |h 363.731 PAR |p 005100022482 |q 005100022482 |t BK |y 0 | ||
| 901 | |a BIBL1-2000-1 | ||
| 909 | |a Λ |b 071436 | ||
| 922 | |a 1ΕΛΗ |b 199912 |c ΚΠΣ/ΠΜΣ |d ΠΑΠΑΣΩΤΗΡΙΟΥ | ||
| 950 | |a 157-1999-10-15 | ||
| 970 | |a ΚΑΜΑΤΣΟΥ |b ΔΕΣΠΟΙΝΑ |z 2000/02/02 | ||